Name emo rappers by song - Statistics

General Stats
  • This quiz has been taken 21 times
  • The average score is 8 of 15
Answer Stats
Song Rapper % Correct
All Girls Are The Same Juice WRLD
100%
Jocelyn Flores XXXTENTACION
100%
Beamer Boy Lil Peep
90%
Mood 24kGoldn / Iann Dior
70%
The Way Life Goes Lil Uzi Vert
70%
Love Scars Trippie Redd
65%
Witchblades Lil Tracy
55%
Betrayed Lil Xan
55%
Without You The Kid LAROI
40%
Nowadays Lil Skies
35%
CtrlAltDelete Bones
30%
if looks could kill Destroy Lonely
20%
death bed (coffee for your head) Powfu
20%
Dark Light Night Lovell
5%
Hennessy & Sailor Moon Yung Lean / Bladee
5%
No matching quizzes found
Score Distribution
Percent of People with Each Score
Percentile by Number Answered
Your Score History
You have not taken this quiz